Billie Eilish - Quiz Ultime - Statistiques

Statistiques générales
  • Ce quiz a été pris 6 fois
    4 depuis la dernière actualisation
  • Le résultat moyen est 22 sur 33
Statistiques - réponses
Hint Réponse % Correct
Proches Artiste féminine avec qui elle a fait l'un de ses seuls featurings Charli xcx
100%
Proches Frère Finneas O'Connell
100%
Albums 1er album Don't Smile at Me
100%
Information de base Pays de naissance États-Unis
100%
Albums 4e album Guitar Songs
100%
Albums 3e album Happier Than Ever
100%
Albums 5e album Hit Me Hard and Soft
100%
Proches Artiste masculin qu'elle admire et qu'elle a rejoint sur scène à Coachella en 2026 Justin Bieber
100%
Information de base Région/ville où elle a vécu Los Angeles, Californie
100%
Chansons Chanson qui l'a fait connaître sur internet Ocean Eyes
100%
Proches Il est plus ou moins âgé (écrire plus ou moins) Plus âgé
100%
Albums 2e album When We All Fall Asleep, Where Do We Go?
100%
Information de base Date de naissance 18 décembre 2001
67%
Divers Année où elle a débuté sa carrière 2015
67%
Divers Année de sa 1ère victoire musicale 2019
67%
Filmographie Film pour lequel elle a écrit une chanson en 2023 Barbie
67%
Divers Art/sport qu'elle pratiquait depuis enfant Danse
67%
Divers Syndrome dont elle est atteinte Gilles de La Tourette
67%
Filmographie Saga du film de pour lequel elle chante le générique en 2021 James Bond
67%
Proches Mère Maggie Baird
67%
Filmographie Chanson qu'elle a écrit pour ce film No Time to Die
67%
Divers Instrument qu'elle joue Piano
67%
Information de base Signe astrologique Sagittaire
67%
Divers Couleur de cheveux emblématique Vert et noir
67%
Filmographie Chanson qu'elle a écrit pour ce film What Was I Made For
67%
Divers Nom de ses fans Avocados
33%
Chansons Chanson qui reprend le thème musical de Plantes vs Zombies bad guy
33%
Information de base Nom complet Billie Eilish Pirate Baird O'Connell
33%
Information de base Label Interscope / Darkroom
33%
Chansons Lead single de son dernier album Lunch
33%
Proches Père Patrick O' Connell
0%
Divers Plateforme où elle publiait ses morceaux Soundcloud
0%
Filmographie Série dans laquelle elle apparaît en 2023 Swarm
0%
Aucun quiz correspondant
Distribution des résultats
% des personnes avec chaque résultat
Percentile par nombre de réponses
Votre historique - résultats
Vous n’avez pas pris ce quiz depuis la dernière actualisation